Statistics for World of Warcraft Professions

Click here to take the quiz!

General Stats

  • This quiz has been taken 1,177 times
    (1,176 since last reset)
  • The average score is 12 of 15

Answer Stats

Answer% Correct
Mining
95%
Fishing
91%
Cooking
90%
Blacksmithing
88%
SecondaryFirst Aid
86%
Leatherworking
84%
Skinning
83%
Herbalism
82%
Tailoring
82%
Enchanting
80%
Alchemy
79%
Jewelcrafting
72%
PrimaryEngineering
66%
Inscription
63%
Archaeology
48%

Score Distribution

Percentile by Number Answered

Percent of People with Each Score

Your Score History

You have not taken this quiz since the last reset